000 00285nam a22001337a 4500
008 170721b xxu||||| |||| 00| 0 eng d
020 _a9780132203661
041 _aeng
080 _a004
100 _a28
101 _aSHKI
245 _aGO! WITH MICROSOFT
_cGASKIN
942 _2udc
_cBK
999 _c21712
_d21712